| 000 | 00533nam a2200181Ia 4500 | ||
|---|---|---|---|
| 005 | 20250508151909.0 | ||
| 008 | 008 250505s9999 xx 000 0 eng d | ||
| 037 | _aBooks to be hide in OPAC | ||
| 040 |
_aFEDL _beng _cFEDL |
||
| 041 |
_aeng _2eng |
||
| 084 |
_a822.8, BES/O _qFEDL |
||
| 100 |
_aBesier Rudolf _9152536 |
||
| 245 | 0 | _aBarretts of wimpole street: A comedy in five acts | |
| 260 |
_aLondon, UK _bVictor Gollancz Ltd _c1951 |
||
| 300 | _a112p. | ||
| 942 |
_cHB _h822.8, BES/O |
||
| 999 |
_c1332800 _d1332800 |
||